| 000 | 01023cam a2200289 a 4500 | ||
|---|---|---|---|
| 001 | 17077502 | ||
| 005 | 20141210160747.0 | ||
| 008 | 111209s2013 maua b 001 0 eng | ||
| 010 | _a 2011048329 | ||
| 020 | _a9780132658089 (hbk.) | ||
| 040 |
_aDLC _cDLC _dDLC |
||
| 042 | _apcc | ||
| 050 | 0 | 0 |
_aRJ 506.B44 _b.K38 2012 |
| 082 | 0 | 0 | _a618.92/89 |
| 100 | 1 | _aKauffman, James M. | |
| 245 | 1 | 0 |
_aCharacteristics of emotional and behavioral disorders of children and youth / _cJames M. Kauffman, Timothy J. Landrum. |
| 250 | _a10th ed. | ||
| 260 |
_aBoston : _bPearson Education, _cc2013. |
||
| 300 |
_axvii, 459 p. : _bill. ; _c24 cm. |
||
| 504 | _aIncludes bibliographical references (p. 399-430) and index. | ||
| 650 | 0 | _aBehavior disorders in children. | |
| 650 | 0 | _aEmotional problems of children. | |
| 700 | 1 | _aLandrum, Timothy J. | |
| 906 |
_a7 _bcbc _corignew _d1 _eecip _f20 _gy-gencatlg |
||
| 942 |
_2lcc _cBK _kFOR |
||
| 999 |
_c276918 _d276918 |
||